<?xml version="1.0" encoding="UTF-8"?>
<record
    xmlns:xsi="http://www.w3.org/2001/XMLSchema-instance"
    xsi:schemaLocation="http://www.loc.gov/MARC21/slim http://www.loc.gov/standards/marcxml/schema/MARC21slim.xsd"
    xmlns="http://www.loc.gov/MARC21/slim">

  <leader>00716nam a22001577a 4500</leader>
  <controlfield tag="008">230428b        |||||||| |||| 00| 0 eng d</controlfield>
  <datafield tag="040" ind1=" " ind2=" ">
    <subfield code="a">National Science Library</subfield>
    <subfield code="c">National Science Library</subfield>
  </datafield>
  <datafield tag="080" ind1=" " ind2=" ">
    <subfield code="a">537.311.33(082.2)</subfield>
    <subfield code="b">L1</subfield>
  </datafield>
  <datafield tag="245" ind1=" " ind2=" ">
    <subfield code="a">Recent advances in semiconductor:  </subfield>
    <subfield code="b">Theory and technology </subfield>
    <subfield code="c">/Hindustan Publishing Corporation, proceedings of the international advanced school on theory and technology of semiconductors, held during 6th April- 5th May, 1968 at Indian institute of technology, New Delhi     </subfield>
  </datafield>
  <datafield tag="260" ind1=" " ind2=" ">
    <subfield code="a">Delhi: </subfield>
    <subfield code="b">Hindustan Publishing Corporation, </subfield>
    <subfield code="c">1971 </subfield>
  </datafield>
  <datafield tag="300" ind1=" " ind2=" ">
    <subfield code="a">vi, 255p. </subfield>
  </datafield>
  <datafield tag="650" ind1=" " ind2=" ">
    <subfield code="a">Semiconductors </subfield>
  </datafield>
  <datafield tag="653" ind1=" " ind2=" ">
    <subfield code="a">Technology </subfield>
  </datafield>
  <datafield tag="700" ind1=" " ind2=" ">
    <subfield code="a">Jain, S C (Ed.) </subfield>
  </datafield>
  <datafield tag="942" ind1=" " ind2=" ">
    <subfield code="2">udc</subfield>
    <subfield code="c">PR</subfield>
  </datafield>
  <datafield tag="999" ind1=" " ind2=" ">
    <subfield code="c">24677</subfield>
    <subfield code="d">24677</subfield>
  </datafield>
  <datafield tag="952" ind1=" " ind2=" ">
    <subfield code="0">0</subfield>
    <subfield code="1">0</subfield>
    <subfield code="2">udc</subfield>
    <subfield code="4">0</subfield>
    <subfield code="6">537311330822_L1</subfield>
    <subfield code="7">0</subfield>
    <subfield code="9">36207</subfield>
    <subfield code="a">NSL</subfield>
    <subfield code="b">NSL</subfield>
    <subfield code="c">GF/Rk-6/C-8/R-2</subfield>
    <subfield code="d">1971-04-01</subfield>
    <subfield code="l">0</subfield>
    <subfield code="o">537.311.33(082.2) L1</subfield>
    <subfield code="p">35022</subfield>
    <subfield code="r">2023-04-28 00:00:00</subfield>
    <subfield code="w">1971-04-01</subfield>
    <subfield code="y">PR</subfield>
  </datafield>
</record>
